Pictures at an exhibition and other works for piano /

This volume contains virtually every work Moussorgsky ever composed for the piano, including his piano arrengements and altertative versions of several pieces. Is reprints all the music from the famous critical complete-works edition prepared by Pavel Lamm and published in Moscow in 1931.

Dades bibliogràfiques
Autor principal: Petrovich, Modest Moussorgsky. 1839-1881
Altres autors: Lamm. Pavel
Format: Paquet
Idioma:Spanish
English
Publicat: New York: Dover Publications, 1990.
Edició:Primera edición.
Col·lecció:Dover classical music for keyboard
Matèries:

MARC

LEADER 00000cac a2200000 i 4500
003 Ucuenca
005 20230615154355.0
006 a||||fr|||| 001 0
007 ta
008 008031|1990 |||aaaafr|||| 001|0 spa|a
020 |a 0-486-26515-3 
040 |b spa  |a UCuenca-cdrjbv  |c UCuenca  |e rda 
041 |a eng 
082 0 |2 22  |a 786.2  |c A2626 
100 1 |a Petrovich, Modest Moussorgsky.   |9 309992  |d 1839-1881 
245 1 1 |a Pictures at an exhibition and other works for piano /   |c Modest Petrovich Moussorgsky. 
250 |a Primera edición. 
264 1 |a New York:   |b Dover Publications,   |c 1990. 
264 4 |c ®1990 
300 |a 211 páginas:  |b par  |c 30 cm 
336 |2 rdacontent  |a texto  |b txt 
337 |2 rdamedia  |a no mediado  |b n 
338 |2 rdacarrier  |a volumen  |b nc 
490 |a Dover classical music for keyboard 
500 |a Partitura 
504 |a incl. ref. 
505 1 |a Souvenir d´enfance (Childhood Memory/vospominanie detsva) (1857, dedicated to Nikolai Aleksandrovich Obolensky) -- Scherzo in C-sharp Minor: 1st version (1858; dedicated to Liubov Mykhailova Bube) -- Scherzo in C-sharp Minor: 2nd version (dedicated to Aleksandra Fyodorovna) -- Ein Kinder-Scherzo (A child´s scherzo): 1st version (Jeux d'enfants-les quatre coins. 
520 3 |a This volume contains virtually every work Moussorgsky ever composed for the piano, including his piano arrengements and altertative versions of several pieces. Is reprints all the music from the famous critical complete-works edition prepared by Pavel Lamm and published in Moscow in 1931. 
650 1 7 |2 UCuenca-cdrjbv  |a Piano  |9 51420 
650 1 7 |2 UCuenca-cdrjbv  |a Partitura  |9 75334 
700 1 |a Lamm. Pavel.  |9 309991 
852 |a UC-YANUNCAY  |f Compra  |l 1  |m General  |p 20080318  |q 25,50  |t A2626  |b 0  |d CDRY  |e CDRY  |g 786.2   |z 2008-80-31 
942 |c CR  |2 ddc  |r jessicap.torres@ucuenca.edu.ec 
999 |c 47755  |d 47755